000 01533cam a22003617i 4500
001 2669
005 20250124125620.0
020 _a9781442499454 (hardback)
020 _a9780340911709
020 _a1442499451 (hardback)
040 _aKNJ
_beng
_cKNJ
_erda
_dVHP
_dDLC
050 0 0 _aPZ7.M869647
_bFal 2013
082 0 4 _a823.92
_223
100 1 _aMuchamore, Robert
245 1 4 _aThe fall /
_cRobert Muchamore
250 _aThis edition published in 2014
260 _aLondon :
_bHodder Children's Books,
_c2007
300 _a333 pages ;
_c22 cm
490 1 _aCherub ;
_vmission 7
500 _aOriginally published in Great Britain in 2007 by Hodder Children's Books.
505 _aZ
520 _aWhen an MI5 operation goes disastrously wrong, James Adams needs all of his skills to get out of Russia alive. Meanwhile, his sister Lauren is on her first solo mission, trying to uncover a brutal human trafficking operation. And when James does get home, he finds that his nightmare is just beginning ...CHERUB agents have one crucial advantage: adults never suspect that children are spying on them.
521 1 _a960
_bLexile
521 1 _aZ
_bRaz-Plus
650 0 _aHuman trafficking
_vJuvenile fiction.
650 0 _aTeenagers
_zGreat Britain
_vJuvenile fiction.
650 0 _aIntelligence service
_zGreat Britain
_vJuvenile fiction.
655 0 _aSpy stories.
655 7 _aAdventure stories.
_2gsafd
655 7 _aSpy stories.
_2gsafd
906 _a7
_bcbc
_ccopycat
_d2
_encip
_f20
_gy-gencatlg
942 _2ddc
_cBK
_n0
999 _c2669
_d2669